| 000 | 00964nam a2200289Ia 4500 | ||
|---|---|---|---|
| 003 | OSt | ||
| 005 | 20221007125804.0 | ||
| 006 | a|||||r|||| 00| 0 | ||
| 007 | ta | ||
| 008 | 221006b |||||||| |||| 00| 0 eng d | ||
| 020 | _a1405101733 (pbk) | ||
| 037 |
_b1883, 28/03/2007, Unilib Book Distributors _cTextbook |
||
| 040 |
_aDGL _cDGL _beng |
||
| 041 |
_2eng _aeng |
||
| 082 | _aH4, P6 Carg | ||
| 100 |
_aLeeder Mike R _9722467 |
||
| 245 | 0 | _aPhysical processes in earth and environmental sciences | |
| 260 |
_aAustralia _bBlackwell Publishing _c2006 |
||
| 300 |
_axi,321p. _ccm. |
||
| 500 | _aAppendices 293-297p; Index 319-321p | ||
| 650 |
_a Earth sciences-Mathematics _9722468 |
||
| 650 |
_a Geodynamics _9722469 |
||
| 650 | _aGeology | ||
| 700 |
_a Perez-Arlucea Marta _9722470 |
||
| 942 |
_hH4, P6 Carg _cTB _2CC |
||
| 999 |
_c1215823 _d1215823 |
||